00576 a2200181 4500003000400000005001700004008004100021020001800062040000900080082001500089100002600104245003600130260003500166300000900201942003600210952013100246999001700377OSt20240208113048.0240208b |||||||| |||| 00| 0 eng d a9789385269561 coclc a150bARA/P aAravind,Bindhu910423 aPsycho light /c Bindhu Aravind aKozhikode:bOlive publication, a40p. 2ddccBKh150iARA/Pk150mARA/P 00102ddc40708PSYCHOLOGYaMESbMEScMALd2024-02-08l0o150 ARA/Pp45238r2024-02-08 11:31:33v75.00w2024-02-08yBKzGR1R5 c44389d44389